Constitution of Japan (Record no. 1077350)

MARC details
000 -LEADER
fixed length control field 00739nam a2200265Ia 4500
003 - CONTROL NUMBER IDENTIFIER
control field OSt
005 - DATE AND TIME OF LATEST TRANSACTION
control field 20221006143531.0
008 - FIXED-LENGTH DATA ELEMENTS--GENERAL INFORMATION
fixed length control field 221006b |||||||| |||| 00| 0 chi d
020 ## - INTERNATIONAL STANDARD BOOK NUMBER
-- .50(eacg)
037 ## - SOURCE OF ACQUISITION
Terms of availability Annuals, Advances
040 ## - CATALOGING SOURCE
Original cataloging agency EASL
Transcribing agency EASL
Language of cataloging chi
041 ## - LANGUAGE CODE
Source of code chi
Language code of text/sound track or separate title chi
100 ## - MAIN ENTRY--PERSONAL NAME
Personal name HENDERSON Dan Fenno Ed.
245 #0 - TITLE STATEMENT
Title Constitution of Japan
Remainder of title Its first twenty years, 1947-67
260 ## - PUBLICATION, DISTRIBUTION, ETC.
Place of publication, distribution, etc. Seattle
Name of publisher, distributor, etc. University of Washington Press
Date of publication, distribution, etc. 1968
300 ## - PHYSICAL DESCRIPTION
Extent 323p.
Dimensions cm.
490 ## - SERIES STATEMENT
Volume/sequential designation RS
650 ## - SUBJECT ADDED ENTRY--TOPICAL TERM
Topical term or geographic name entry element JEL
942 ## - ADDED ENTRY ELEMENTS (KOHA)
Classification part V42:2.N67, K8
Koha item type Reference
Source of classification or shelving scheme Colon Classification (CC)

No items available.

Copyright @ Delhi University Library System